ბათუმის შოთა რუსთაველის სახელმწიფო უნივერსიტეტის ბიბლიოთეკა

AP Microeconomics/Macroeconomics: WITH 4 Practice Tests / (ბიბ.ჩანაწერი № 58729)

000 -LEADER
fixed length control field 00821nam a22002297a 4500
005 - DATE AND TIME OF LATEST TRANSACTION
control field 20220708135717.0
008 - FIXED-LENGTH DATA ELEMENTS--GENERAL INFORMATION
fixed length control field 220708s2021en xxu||||| |||| 00| 0 eng d
020 ## - INTERNATIONAL STANDARD BOOK NUMBER
International Standard Book Number 978-1506263809
080 ## - UNIVERSAL DECIMAL CLASSIFICATION NUMBER
Universal Decimal Classification number 330.1 K-12
100 ## - MAIN ENTRY--PERSONAL NAME
Personal name Kacapyr, Elia
9 (RLIN) 14337
245 ## - TITLE STATEMENT
Title AP Microeconomics/Macroeconomics: WITH 4 Practice Tests /
Statement of responsibility, etc. Elia Kacapyr, James Redelsheime, Frank Musgrave.
250 ## - EDITION STATEMENT
Edition statement seventh edition
264 ## - PRODUCTION, PUBLICATION, DISTRIBUTION, MANUFACTURE, AND COPYRIGHT NOTICE
Place of production, publication, distribution, manufacture New york,
Date of production, publication, distribution, manufacture, or copyright notice 2021.
300 ## - PHYSICAL DESCRIPTION
Extent 432 pages
Other physical details 27 cm.
440 ## - SERIES STATEMENT/ADDED ENTRY--TITLE
Title Barron's
9 (RLIN) 14338
653 ## - INDEX TERM--UNCONTROLLED
keyword AP Microeconomics/Macroeconomics: WITH 4 Practice Tests
653 ## - INDEX TERM--UNCONTROLLED
keyword მიკროეკონომიკა/მაკროეკონომიკა
653 ## - INDEX TERM--UNCONTROLLED
keyword ეკონომიკა
700 ## - ADDED ENTRY--PERSONAL NAME
Personal name Redelsheimer, , James
9 (RLIN) 14339
700 ## - ADDED ENTRY--PERSONAL NAME
Personal name Musgrave, Frank
9 (RLIN) 14340
942 ## - ADDED ENTRY ELEMENTS (KOHA)
Source of classification or shelving scheme
Koha item type წიგნი
ეგზემპლარები
Withdrawn status Lost status Source of classification or shelving scheme Damaged status Not for loan Permanent Location Current Location Shelving location Date acquired Cost, normal purchase price Full call number Barcode Date last seen Copy number Price effective from Koha item type Public note
          ბათუმის შოთა რუსთაველის სახელმწიფო უნივერსიტეტის მთავარი ბიბლიოთეკა ბათუმის შოთა რუსთაველის სახელმწიფო უნივერსიტეტის მთავარი ბიბლიოთეკა წიგნსაცავი 2022-07-08 111.00 330.1 K-12 62965 2022-07-08 62965 2022-07-08 წიგნი 111gel.